[Event "17th Delhi GM Open 2019"]
[Site "Delhi"]
[Date "2019.01.16"]
[Round "10"]
[White "Aditya Mittal"]
[Black "Popov, Ivan"]
[Result "1/2-1/2"]
[WhiteElo "2251"]
[BlackElo "2588"]
[Annotator "TA"]
[PlyCount "80"]
[EventDate "2019.01.09"]
[EventType "swiss"]
[EventCountry "IND"]
[SourceTitle "playchess.com"]
[Source "ChessBase"]
[SourceQuality "1"]

{[%evp 26,80,24,18,27,14,22,11,27,16,27,17,32,0,0,7,33,20,62,29,31,32,42,30,18,0,27,-49,-40,-68,-33,-32,-22,-36,-43,-32,-20,-12,12,7,9,-4,46,49,34,34,47,47,46,37,34,32,39,37,49,33,86]} 1. d4 Nf6 2. c4 e6 3. Nc3 Bb4 4. e3 b6 5. Bd3 Bb7 6. Nf3 c5 7. O-O O-O 8. Na4 cxd4 9. exd4 Re8 10. a3 Bf8 11. Nc3 {E43: Nimzo-Indian: Rubinstein: 4...b6} d6 12. Re1 Nbd7 13. Bf4 a6 14. h3 {LiveBook: 4 Games} Qc7 {[#]} 15. Bh2 $146 ({Predecessor:} 15. Rc1 Rac8 16. b4 Qb8 17. Bh2 Qa8 18. Bf1 Rcd8 {½-½ (67) Grachev,B (2669)-Zhigalko,S (2679) Lublin 2011}) 15... Rad8 16. Nd2 e5 17. d5 g6 18. Rc1 Nh5 19. b4 Bh6 20. Rc2 Nf4 21. Bf1 Nf6 22. Nde4 Nxe4 23. Nxe4 {Nf6+ is the strong threat.} Qe7 24. Bxf4 Bxf4 25. g3 Bh6 $1 26. Bg2 (26. c5 $11) 26... f5 $15 27. Nd2 Qf6 28. Nb3 Bc8 29. a4 Bd7 30. Qa1 f4 31. Nd2 Bf5 32. Ne4 Bxe4 33. Bxe4 Rf8 34. a5 {White is slightly better.} Rb8 35. axb6 {[#] And now c5 would win.} fxg3 36. fxg3 {Strongly threatening c5.} Rxb6 37. Qc3 Rfb8 $1 38. Rb1 Qe7 39. Kg2 Qb7 {[%cal Rb6b4]} 40. Rcb2 Bf8 {Accuracy: White = 69%, Black = 47%.} ({Black should play} 40... Qc7 $14) 1/2-1/2

[Event "17th Delhi GM Open 2019"]
[Site "Delhi"]
[Date "2019.01.16"]
[Round "10"]
[White "Saurabh Anand"]
[Black "Harsha Bharathakoti"]
[Result "0-1"]
[WhiteElo "2210"]
[BlackElo "2481"]
[Annotator "TA"]
[PlyCount "68"]
[EventDate "2019.01.09"]
[EventType "swiss"]
[EventCountry "IND"]
[SourceTitle "playchess.com"]
[Source "ChessBase"]
[SourceQuality "1"]

{[%evp 15,68,20,19,20,26,22,-8,-26,25,16,18,14,20,18,24,-14,-17,-81,-74,-64,-55,-63,-60,-57,-50,-56,-27,-35,-28,-41,-34,-22,-12,-52,-50,-86,-86,-95,-75,-218,-209,-299,-197,-214,-131,-314,-326,-321,-304,-365,-339,-305,-305,-602,-601]} 1. e4 {Marin,M} d6 2. d4 Nf6 3. Nc3 g6 4. Bg5 c6 5. Qd2 Nbd7 6. f4 d5 {B07: Pirc Defence: Miscellaneous Systems} 7. e5 Ne4 8. Nxe4 dxe4 {LiveBook: 3 Games. The position is equal.} 9. Nh3 $146 ({Predecessor:} 9. Ne2 f6 10. Bh4 Bh6 11. Nc3 fxe5 12. dxe5 Rf8 13. g3 Qc7 14. Qe2 Nxe5 15. fxe5 Rf3 16. Qc4 Qb6 17. Nxe4 Bg4 18. Be2 Qe3 19. Rd1 Bf5 20. Bg5 Bxg5 21. Qg8# {1-0 (21) Landa,K (2615)-Marin,M (2528) Porto Mannu 2017 CBM 179 [Marin,M]}) 9... f6 10. Bh4 Bh6 11. g4 fxe5 ({Black should play} 11... Nb6 12. g5 fxg5 13. fxg5 Bg7) 12. dxe5 $11 Nb6 13. Qxd8+ Kxd8 14. O-O-O+ $1 Ke8 15. Be2 Nd5 16. Rd4 (16. Bg5 $11 {keeps the balance.} Bxg5 17. fxg5) 16... Nxf4 $17 17. Nxf4 Bxf4+ 18. Kb1 Be6 19. Bc4 $1 {[%cal Rc4e6]} Bxc4 20. Rxc4 Rf8 {...e3 is the strong threat.} 21. Rxe4 Rd8 22. Bg3 Bxg3 23. hxg3 $15 {[%mdl 4096] Endgame KRR-KRR} Rd2 24. a3 Rff2 25. Rb4 b5 26. Rxh7 a5 {[%cal Ba7a5,Ba5a4][%mdl 32]} 27. Rb3 (27. Rf4 $17) 27... a4 $19 28. Rb4 (28. Rd3 $142 Rxc2 29. b4) 28... Rf1+ ({Weaker is} 28... Rxc2 29. Rg7 $17) 29. Ka2 Rxc2 30. Rf4 $2 (30. e6 $17) 30... Re1 {[#] ( -> ...Rcc1)} 31. e6 Rxe6 32. Rh8+ Kd7 33. Rd4+ Kc7 34. Rhd8 $2 {[#]} (34. Rd1) 34... Ree2 {Precision: White = 33%, Black = 72%.} 0-1

[Event "17th Delhi GM Open 2019"]
[Site "Delhi"]
[Date "2019.01.16"]
[Round "10"]
[White "Divya Deshmukh"]
[Black "Sahoo, Utkal Ranjan"]
[Result "1-0"]
[WhiteElo "2168"]
[BlackElo "2388"]
[Annotator "TA"]
[PlyCount "99"]
[EventDate "2019.01.09"]
[EventType "swiss"]
[EventCountry "IND"]
[SourceTitle "playchess.com"]
[Source "ChessBase"]
[SourceQuality "1"]

{[%evp 11,99,-9,6,6,21,6,11,13,26,13,23,11,11,7,10,10,13,20,39,16,26,27,47,0,20,0,18,8,4,2,8,0,0,0,1315,943,930,0,0,0,0,0,0,-13,0,0,0,0,0,0,0,0,0,-12,-14,-11,0,0,28,26,59,47,55,48,51,52,687,694,754,748,743,735,5210,5197,29974,29975,29975,29977,29977,29978,29983,29984,29983,29984,29985,29986,29986,29987,29987,29988]} 1. d4 Nf6 2. Bg5 d5 3. e3 e6 4. Nf3 Be7 5. Bd3 h6 6. Bh4 c5 {LiveBook: 7 Games. D03: 1 d4 d5 2 Nf3 Nf6 3 Bg5, including Torre Attack with early ...d5} (6... b6 7. Ne5 Bb7 8. Nd2 Nfd7 9. Bg3 Nxe5 10. Bxe5 Bf6 11. Bxf6 Qxf6 12. O-O Nd7 13. f4 O-O 14. Nf3 {1-0 (48) Duda,J (2717)-Sethuraman,S (2646) Riadh 2017}) 7. dxc5 Qa5+ 8. c3 $146 ({Predecessor:} 8. Nbd2 Qxc5 9. O-O Nc6 10. c4 O-O 11. cxd5 exd5 12. a3 a5 13. Rc1 Qb6 14. Qb3 {0-1 (63) Galindo,T (2053)-Souza Neves,A (2173) Recife 2014}) 8... Qxc5 {The position is equal.} 9. Nbd2 Nc6 10. O-O O-O 11. e4 dxe4 12. Nxe4 Nxe4 13. Bxe7 Qxe7 14. Bxe4 Bd7 15. Qe2 Rfd8 16. Rfe1 Be8 17. Rad1 Rac8 18. h3 b6 19. Bc2 Rxd1 20. Rxd1 Rd8 21. Ba4 Kf8 22. Rxd8 Kg8 $2 {[%mdl 8192] [#]} (22... Qxd8 $11 23. Qe4 Qd6) 23. Rd1 Kf8 24. Rd8 $2 (24. Qe4 $18 Qc5 25. Qh7) 24... Qxd8 $11 25. Qe4 Ne7 26. Bxe8 Kxe8 27. Ne5 Qd1+ 28. Kh2 Qd5 29. Qxd5 Nxd5 {[%mdl 4096] Endgame KN-KN} 30. Kg3 f6 31. Nc6 a5 32. Nd4 Kd7 33. Kf3 a4 34. Nb5 e5 35. c4 Nb4 36. Nc3 a3 37. bxa3 Nc2 38. Nd5 Kc6 $2 {[%mdl 8192] [#]} (38... Ne1+ $14 39. Kg3 Kc6) 39. Nb4+ $18 Nxb4 40. axb4 {KP-KP} f5 41. a4 h5 42. g4 g6 43. gxf5 {White mates.} gxf5 44. Kg3 Kd6 45. Kh4 e4 46. Kg5 Ke5 47. a5 bxa5 48. bxa5 {[%cal Bb4a5,Ba5a6,Ba6a7][%mdl 32]} f4 49. a6 e3 50. a7 {Accuracy: White = 65%, Black = 34%.} 1-0

[Event "17th Delhi GM Open 2019"]
[Site "Delhi"]
[Date "2019.01.16"]
[Round "10"]
[White "Grahesh Y"]
[Black "Aronyak Ghosh"]
[Result "1-0"]
[WhiteElo "1992"]
[BlackElo "2353"]
[Annotator "TA"]
[PlyCount "93"]
[EventDate "2019.01.09"]
[EventType "swiss"]
[EventCountry "IND"]
[SourceTitle "playchess.com"]
[Source "ChessBase"]
[SourceQuality "1"]

{[%evp 18,93,-7,-4,-6,-16,0,-18,9,0,0,6,7,-33,19,19,37,0,73,23,82,59,64,76,127,119,146,97,160,167,159,148,172,183,161,170,166,147,149,144,150,144,164,164,169,160,246,235,224,229,305,235,235,230,228,205,207,212,333,283,309,238,238,238,238,238,318,277,379,362,29989,29990,29994,29995,29995,29996,29996,29997]} 1. c4 e6 2. Nc3 d5 3. cxd5 exd5 4. d4 c6 5. Nf3 Bf5 6. Bf4 Bd6 7. Bg3 Nf6 8. e3 O-O 9. Bd3 Bxd3 10. Qxd3 {LiveBook: 3 Games} Re8 {D31: Queen's Gambit Declined: Semi-Slav without ...Nf6 (+ Marshall Gambit and Noteboom) and Exchange Variation lines without ...Nf6} 11. Nd2 Na6 $146 ({Predecessor:} 11... Qe7 12. O-O Nbd7 13. Rab1 a5 14. Rfc1 Bxg3 15. hxg3 Ng4 16. Qf5 Ndf6 17. Re1 Rad8 18. Re2 Nh6 19. Qg5 Qc7 20. Qf4 Qe7 21. Qg5 Qc7 22. Qf4 Qe7 {½-½ (22) Sorin,A (2415)-Novikov,I (2580) Alicante 1992}) 12. O-O Nc7 {The position is equal.} 13. Bxd6 Qxd6 14. b4 Ne6 15. Rab1 Ng5 (15... b5 $15) 16. h3 $11 Re6 17. b5 Rae8 (17... Nfe4 $11 {remains equal.} 18. Ncxe4 Nxe4) 18. bxc6 bxc6 (18... Rxe3 $11 {keeps the balance.} 19. fxe3 Nxh3+ 20. gxh3 Qg3+ {[%mdl 64] Double Attack} 21. Kh1 Qxh3+ 22. Kg1 Qg3+ 23. Kh1 Qh3+ 24. Kg1 Qg3+ 25. Kh1 Qh3+) 19. Ne2 Nfe4 20. Nf4 Rh6 (20... R6e7 $142) 21. Rb7 $16 a5 22. Ra7 Nxd2 ({Black should play} 22... Qb8 23. Rxa5 Nxd2 24. Qxd2 Ne4) 23. Qxd2 Ne6 24. Nxe6 ({Don't play} 24. Rxa5 $6 Nxf4 25. exf4 Rhe6 $14) 24... Qxe6 25. Qxa5 Rg6 {[#] ( -> ...Qxh3)} 26. Ra8 h5 27. Rxe8+ Qxe8 $18 {[%mdl 4096] Endgame KQR-KQR} 28. Qd2 Qe4 {[%csl Gg6][%cal Re4g2]} 29. f3 Qf5 30. Kh1 Re6 31. a4 {[%cal Ba2a4,Ba4a5][%mdl 32]} g5 (31... Re8 $16 {keeps fighting.} 32. a5 Ra8) 32. Kg1 Re7 33. a5 Qe6 34. Re1 g4 35. hxg4 hxg4 36. Qf2 Ra7 37. Ra1 Kf8 (37... c5 $142 38. dxc5 Qc6) 38. fxg4 Qxg4 39. Qb2 Kg7 40. a6 Qg3 41. Qf2 Qg5 42. Qf4 Qe7 43. Kf2 Qb4 $2 {[#]} (43... Qe6 $18 44. Kg1 c5 45. Qg5+ Qg6 46. Qxd5 Rxa6 47. Rxa6 Qxa6 48. dxc5 Qb5) 44. Rh1 {White mates.} Kf8 45. Rh8+ Ke7 46. Qe5+ Kd7 47. Qe8+ {[%mdl 64] Double Attack. Accuracy: White = 64%, Black = 43%.} 1-0